000 00785cam a22002291 4500
001 7489321
003 ARRUPE
005 20160503102616.0
008 771117s1960 nyu 000 0 eng
010 _a 60011759
035 _a(OCoLC)3427688
040 _aDLC
_cOC
_dDLC
050 0 0 _aBX4705.J7
_bA43
100 0 _aJordan of Saxony
_d-1237.
_924189
245 1 0 _aTo heaven with Diana!:
_bA study of Jordan of Saxony and Diana d'Andaló,
_cwith a translation of the letters of Jordan, by Gerald Vann.
260 _aNew York
_biUniverse, Inc.
_c2006
300 _a160 p.
_c22 cm.
700 0 _aDiana de Andalo,
_dapproximately 1201-1236.
_924190
700 1 _aVann, Gerald,
_d1906-1963.
_924191
_eed.
906 _a7
_bcbc
_coclcrpl
_du
_encip
_f19
_gy-gencatlg
942 _2lcc
_cMONOGRAPH
999 _c124743
_d124743